Nghề hái lượm đánh bắt truyền thống của người Tày - Cao Bằng

Trình bày những nét đẹp văn hoá của đồng bào tỉnh Cao Bằng qua nghề hái lượm và nghề đánh bắt. Giới thiệu những câu ca dao, tục ngữ, câu hát dân gian, truyện dân gian, trò chơi dân gian và một số tập tục của đồng bào miền núi về nghề h...

Full beskrivning

Sparad:
Bibliografiska uppgifter
Huvudupphovsman: Dương, Văn Sách
Materialtyp: Bok
Språk:Undetermined
Publicerad: Hà Nội Văn hóa Thông tin 2013
Ämnen:
Taggar: Lägg till en tagg
Inga taggar, Lägg till första taggen!
Thư viện lưu trữ: Trung tâm Học liệu Trường Đại học Cần Thơ
LEADER 01050nam a2200193Ia 4500
001 CTU_189087
008 210402s9999 xx 000 0 und d
082 |a 398.0959712 
082 |b S102 
100 |a Dương, Văn Sách 
245 0 |a Nghề hái lượm đánh bắt truyền thống của người Tày - Cao Bằng 
245 0 |c Dương Văn Sách, Dương Thị Đào 
260 |a Hà Nội 
260 |b Văn hóa Thông tin 
260 |c 2013 
520 |a Trình bày những nét đẹp văn hoá của đồng bào tỉnh Cao Bằng qua nghề hái lượm và nghề đánh bắt. Giới thiệu những câu ca dao, tục ngữ, câu hát dân gian, truyện dân gian, trò chơi dân gian và một số tập tục của đồng bào miền núi về nghề hái lượm và nghề đánh bắt. 
650 |a Folk custom,Văn hóa dân gian 
904 |i Giang 
980 |a Trung tâm Học liệu Trường Đại học Cần Thơ